00314nam a22000977a 4500008004100000022001400041040005500055245005100110260004200161310001300203230727b |||||||| |||| 00| 0 eng d a0972-4494 aNational Science LibrarycNational Science Library aCurrent tropics in colloid & interface science aTrivandrum: bResearch Trends, c1998 aAnnually